[Event "Juba olympiad qual"]
[Site "Juba"]
[Date "2022.05.14"]
[Round "6"]
[White "Ajak, Mach Duany"]
[Black "Mabior, Anyuat Mabior"]
[Result "1/2-1/2"]
[WhiteElo "1888"]
[BlackElo "2019"]
[PlyCount "37"]
[EventDate "2022.05.10"]
[EventType "tourn"]
[EventRounds "11"]
[EventCountry "SUD"]
[SourceTitle "CBM 208 Extra"]
[Source "ChessBase"]
[SourceDate "2022.07.31"]
[SourceVersion "1"]
[SourceVersionDate "2022.07.31"]
[SourceQuality "1"]

1. d4 Nf6 2. Bf4 e6 3. e3 d5 4. Nd2 Bd6 5. Bg3 Bxg3 6. hxg3 Qd6 7. Ngf3 Nbd7 8. c3 c5 9. Bd3 a6 10. Qe2 cxd4 11. exd4 b6 12. Ne5 Nf8 13. g4 N6d7 14. Ndf3 b5 15. a3 Bb7 16. g5 g6 17. Rh4 Nxe5 18. Qxe5 Qxe5+ 19. Nxe5 1/2-1/2